000
00238nam a2200097Ia 4500
008
220120s9999||||xx |||||||||||||| ||und||
082
_a
005.1 KUM
100
_a
Kumar's
245
0
_a
Computer concepts and programming
300
_a
494p ;
_b
325
999
_c
136392
_d
136392